| 000 | 00686nam a2200229Ia 4500 | ||
|---|---|---|---|
| 003 | 0100 | ||
| 008 | 130227s9999 xx 000 0 und d | ||
| 040 | _cARRUPELIB | ||
| 050 | _aBT 732.7 N45 1991 | ||
| 100 | _aNemeck, Kelly Francis. | ||
| 245 | _aO Blessed Night | ||
| 245 | _bRecovering from addictio, codepenency and attachment based on the insights of St.John of the cross and Pierre Teilhard de Chardin. | ||
| 260 | _aNew York. | ||
| 260 | _bAlba House. | ||
| 260 | _C1991. | ||
| 300 | _axx | ||
| 300 | _b 182p. 21cm. | ||
| 650 | _bChristian life--Africa--Catholic authors | ||
| 650 | _cCatholic church--Africa | ||
| 700 | _aCoombs, Marie Theresa. | ||
| 942 |
_2lcc _02 |
||
| 999 |
_c7121 _d7121 |
||